Cerrín quería crecer
Na minha lista:
| Autor principal: | |
|---|---|
| Formato: | Livro |
| Idioma: | espanhol |
| Publicado em: |
Santiago
Salo
1991
|
| coleção: | Colección Cuentos Ecológicos, 1
|
| Assuntos: | |
| Tags: |
Adicionar Tag
Sem tags, seja o primeiro a adicionar uma tag!
|
MARC
| LEADER | 00000nam a2200000 a 4500 | ||
|---|---|---|---|
| 001 | UCM5951 | ||
| 003 | CL-VaPUC | ||
| 005 | 20250417113701.0 | ||
| 008 | 021025e19910000CL |||||||||||||||||spa|d | ||
| 999 | |c 301619 |d 301617 | ||
| 040 | |c Pontificia Universidad Católica de Valparaíso | ||
| 082 | 0 | 4 | |a Ch863 |b ALL |2 21 |
| 100 | 0 | |a Allamand, Maïté |e author |9 471902 | |
| 245 | 1 | 0 | |a Cerrín quería crecer |
| 260 | |a Santiago |b Salo |c 1991 | ||
| 300 | |a pág. irreg | ||
| 490 | 0 | |a Colección Cuentos Ecológicos, 1 | |
| 583 | |a last modification |c 20021025 00:00:00 |k Rodrigo Vera | ||
| 650 | 0 | |a Literatura infantil chilena |9 308278 |x Cuentos | |
| 942 | |c BK |2 ddc | ||
| 945 | |d 20021025 00:00:00 |a vberengu | ||
| 952 | |0 0 |1 0 |4 0 |6 CH_863_000000000000000_ALL_1991 |7 0 |8 A |9 360802 |a BIBEDU |b BIBEDU |d 2019-11-21 |i 3849910 |o Ch863 ALL 1991 |p 3849910 |r 2019-11-21 |w 2019-11-21 |y BK |k EPE | ||